| 000 | 00718nam a22002297a 4500 | ||
|---|---|---|---|
| 999 |
_c17768 _d17768 |
||
| 003 | AR-CdUCM | ||
| 008 | 190305b ||||| |||| 00| 0 spa d | ||
| 040 |
_aMUNICIPALIDAD PROVINCIAL DEL CUSCO _cBIBLIOTECA MUNICIPAL DEL CUSCO |
||
| 082 |
_a828.81 / _bB86 |
||
| 100 |
_aBronte, Emily _910432 |
||
| 245 | _aCumbres borrascosas / | ||
| 260 |
_aBarcelona : _bMateu, _c1963. |
||
| 300 |
_a351 paginas ; _c19 cm. |
||
| 500 | _aTitulo original : Wuthering heights | ||
| 505 | _aContenido :Novelas inglesas / | ||
| 650 |
_aLiteratura inglesa _91015 |
||
| 650 |
_aPeriodo victoriano _910433 |
||
| 650 |
_aNovelas _9218 |
||
| 700 |
_aVera, Pilar (Traducción) _937948 |
||
| 942 |
_2ddc _cLIBROS |
||
| 945 |
_awnts _d2019-05-09 |
||